• 首页
  • 本馆介绍
  • 公告通知
  • 最新文献
  • 馆藏检索
  • 电子资源
  • 读者导购
  • 参考咨询
  • 我的图书馆
  • 登录
  • 详细信息显示
  • 放入我的书架
  • 预约/预借图书
  • 作者相关作品
  • 分类相关作品
  • 丛书相关作品
  • 出版社相关作品

书目信息

  • 表格格式
  • 工作单格式
  • 卡片格式
题名:
组织学与胚胎学
    
 
作者: ;高英茂 改编
分册:  
出版信息: 北京   科学出版社  2006
页数: 583页
开本: 26cm
丛书名: 医学英文原版双语教材
单 册:
中图分类: R329 , R321
科图分类:
主题词: 人体组织学--教材 , 人体胚胎学--教材
电子资源:
ISBN: 7-03-016580-2
000 01143oam2 2200349 450
001 012015000652
005 20150914160619.45
010    @a7-03-016580-2@dCNY78.00 (含光盘)
010    @a7-900185-67-4@b光盘
100    @a20060429d2006 em y0chiy0110 ea
101 0  @aeng
102    @aCN@b110000
105    @aa z 001yy
106    @ar
200 1  @a组织学与胚胎学@dTextbook of histology and embryology@fLuizCarlosJunqueira, JoseCarneiro, LaurenJ.Sweeney@g高英茂@zchi
205    @a影印版
210    @a北京@c科学出版社@d2006
215    @a583页@c图@d26cm@e光盘1片
225 2  @a医学英文原版双语教材@e供临床、基础、预防、口腔、药学、检验、护理等专业使用
300    @a双语版
300    @a中国科学院教材建设专家委员会规划教材
306    @a本书英文影印改编版由科学出版社和美国麦格劳-希尔教育(亚洲)出版公司合作出版
320    @a有索引
461  0 @12001 @a医学英文原版双语教材
510 1  @a组织学与胚胎学@zchi
606 0  @a人体组织学@j教材
606 0  @a人体胚胎学@j教材
690    @aR329@v5
690    @aR321@v5
702  0 @a高英茂@Agao ying mao@4改编
801  0 @aCN@b碧洲教育@c20150718
905    @a10447@f4@dR329@e235
    
    组织学与胚胎学=Textbook of histology and embryology/LuizCarlosJunqueira, JoseCarneiro, LaurenJ.Sweeney/高英茂.-影印版.-北京:科学出版社,2006
    583页:图;26cm+光盘1片.-(医学英文原版双语教材:供临床、基础、预防、口腔、药学、检验、护理等专业使用)
    双语版.-中国科学院教材建设专家委员会规划教材
    
    ISBN 7-03-016580-2:CNY78.00 (含光盘)
    
●
相关链接 在E读中查询图书 在五车中查询图书 在当当中查询图书 在豆瓣中查询图书


正题名:组织学与胚胎学     索取号:R329/235         预约/预借

序号 登录号 条形码 馆藏地/架位号 状态 备注
1 0848560   208485600   第二样本阅览室/ [索取号:R329/235] 在馆    
2 0848561   208485619   第三借阅区/ [索取号:R329/235] 在馆    
3 0848562   208485628   第三借阅区/ [索取号:R329/235] 在馆    
4 0848563   208485637   第三借阅区/ [索取号:R329/235] 在馆    
唐山师范学院图书馆 欢迎您!
大连网信软件有限公司© 版权所有